American Presidents In "Quotes" (Record no. 3620)

MARC details
000 -LEADER
fixed length control field 00394nam a22001337a 4500
008 - FIXED-LENGTH DATA ELEMENTS--GENERAL INFORMATION
fixed length control field 250522b |||||||| |||| 00| 0 eng d
020 ## - INTERNATIONAL STANDARD BOOK NUMBER
ISBN 9781781450437
245 ## - TITLE STATEMENT
Title American Presidents In "Quotes"
Statement of responsibility, etc Ammonite Press
260 ## - PUBLICATION, DISTRIBUTION, ETC. (IMPRINT)
Place of publication East Sussex
Name of publisher Ammonite Press
Date of publication 2013
300 ## - COLLATION
Pagination 191p.
Other physical details illustration;
650 ## - TRACINGS
Main Subject Presidents
Subdivision (1st) United States
Subdivision (2nd) Quotation
942 ## - ADDED ENTRY ELEMENTS (KOHA)
Item type Books
050 ## - LIBRARY OF CONGRESS CALL NUMBER
Classification number E176.1
Item number .A44 2013
Holdings
Source of classification or shelving scheme Not for loan Permanent location Current location Date acquired Accession No. Full call number Barcode. Koha item type
Library of Congress Classification   Samuel Ogbemudia Main Library, University of Abuja Samuel Ogbemudia Main Library, University of Abuja 05/22/2025 2024/63607 E176.1.A44 2013 2025-2097 Books